| 000 | 01358nam a22002297a 4500 | ||
|---|---|---|---|
| 005 | 20240724233240.0 | ||
| 008 | s2552 th tha d | ||
| 041 | _atha | ||
| 050 | _aHV 9402.55.A5 พ924พ 2552 | ||
| 100 | 0 | _aเดโช ทิมธรรม | |
| 245 | 1 | 0 | _aพันธมิตรภาคประชาสังคมกับการปลดปล่อยให้ผู้ต้องขังกลับคืนสู่สังคม |
| 260 | 3 |
_aกรุงเทพฯ : _bสำนักวิจัยและพัฒนาระบบงานราชทัณฑ์ กรมราชทัณฑ์, _c2552 |
|
| 300 |
_a172 หน้า : _b ตาราง ; _c 30 ซม. |
||
| 650 | 0 | 4 | _aเรือนจำ -- การมีส่วนร่วมของประชาชน -- วิจัย |
| 650 | 0 | 4 | _aผู้ต้องขัง -- การมีส่วนร่วมของประชาชน -- วิจัย |
| 650 | 0 | 4 | _aทัณฑสถาน -- การมีส่วนร่วมของประชาชน -- วิจัย |
| 850 | _aNALT | ||
| 942 | _cRSH | ||
| 997 | _aบ 23091 | ||
| 997 | _c000000000061363 | ||
| 998 | _aนางสาวชัชฎา จูฑะรักษ์ | ||
| 999 |
_c61363 _d61363 |
||